| 000 | 00655nam a22002417a 4500 | ||
|---|---|---|---|
| 003 | UA-OsUOA | ||
| 001 | 22777 | ||
| 007 | ta | ||
| 008 | 20031225b un ||||| |||| 00| 0 ukr d | ||
| 090 |
_a22.04 _bБ59 |
||
| 942 | _cBK | ||
| 040 |
_aUA-OsUOA _brus _cUA-OsUOA _dUA-OsUOA |
||
| 245 | _aБиблия книги священного писания Ветхого и Нового Завета | ||
| 300 |
_a1360 с. _bІлюстрації |
||
| 955 | _a0 | ||
| 041 | _arus | ||
| 080 | _a22.04 | ||
| 020 | _a5-85524-007-Х | ||
| 260 |
_aМосква _bБиблейские общества _c1993 |
||
| 044 | _aRU | ||
| 650 | 7 | _2UDC | |
| 999 |
_c309006 _d309006 |
||